| 000 | 00599nam a2200193 i 4500 | ||
|---|---|---|---|
| 001 | 23318 | ||
| 003 | ES-MaACL | ||
| 005 | 20230906152842.0 | ||
| 007 | t| | ||
| 008 | 021210s1941 sp ||||1| spa d | ||
| 100 | 1 |
_aAlvarez, Pedro. _920669 |
|
| 245 | 1 | 0 |
_aÁnimas vivas / _cpor Pedro Álvarez. |
| 260 |
_a[Madrid : _bVértice, _c1941] ( _fSucs. de Rivadeneyra) |
||
| 300 |
_a14 p. : _bil. ; _c26 cm. |
||
| 490 | 1 |
_aSuplemento literario de "Vértice" ; _vmayo 1941 |
|
| 830 | 1 |
_aSuplemento literario de "Vértice" ; _vmayo 1941 _9181046 |
|
| 852 |
_aES-MaACL _j1846-F-27 |
||
| 999 |
_c23318 _d23318 |
||